000 00673nam a2200205Ia 4500
003 OSt
005 20250830102336.0
008 210210b2003 xxu||||| |||| 00| 0 eng d
040 _cAL
041 _aKannada
082 _aK894.4 NATR
100 _aNATARAJ HULIYAR.
_dನಟರಾಜ್ ಹುಳಿಯಾರ್
_9237977
245 _aMarks, gandhi, samajavada.
_bಮಾರ್ಕ್ಸ್, ಗಾಂಧಿ, ಸಮಾಜವಾದ.
260 _aBengaluru
_bKannada mattu Samskrakti Nirdeshanalaya
_c2003
300 _a425,xxiv
650 _aRamamanohara Lohiya marks gandhi samajavada
_9237978
690 _aKannada Prose
_9237979
906 _a059361
942 _2ddc
_cBK
999 _c106416
_d106416